000 00955nam a2200301 i 4500
003 EG-GICUC
005 20260509144400.0
008 260509s1986 ua ||||f |||| 00| 0 fre d
040 _bfre
_cEG-GICUC
_erda
_a EG-GICUC
_d EG-GICUC
041 0 _afre
082 _221
_a343.33
_bHO. P
092 0 4 _221
099 _aLaw1 10 343.33 HO. P 1986
100 1 _a Hosni, Naguib
_eAuteur
245 1 3 _aLa Phase Decisoire Du Proces Penal En Droit Compare - Droit Des Pays Arabes /
_cNaguib Hosni.
264 1 _aالقاهرة:
_bمطبعة عبير,
_c1986.
300 _a16 page ؛
_c24 cm .
336 _2rda content
_atext
337 _2rda media
_aComputer
338 _2rda carrier
_aOnline Resource
546 _aTexte en français
650 1 _aDroit pénal
_2qrmak
650 1 _aLa Phase Decisoire
_2qrmak
651 1 _2qrmak
856 4 0 _uhttps://fll.law.cu.edu.eg/fulltext/bksB10-11249.pdf
905 _a75
_eYara
942 _2ddc
_cBK
_e21
_n0
999 _c76380
_d76380